Statistics for Dis- Vocabulary Words Quiz

Click here to take the quiz!

General Stats

  • This quiz has been taken 21,796 times
    (15,935 since last reset)
  • The average score is 12 of 22

Answer Stats

Definition Word % Correct
To take away one's weaponsDisarm
88%
To make liquorDistill
87%
To release students from classDismiss
83%
To release from a hospitalDischarge
83%
Beg to differDisagree
83%
To exit a train, ship or airplaneDisembark
79%
To undressDisrobe
71%
To expel from the legal professionDisbar
69%
Like an out-of-place shoulder jointDislocated
69%
IllnessDisease
69%
To show to be falseDisprove
64%
To exclude from one's willDisinherit
59%
To remove the limbs ofDismember
51%
To eviscerateDisembowel
43%
PharmacyDispensary
43%
To make decisions based on
racial prejudice
Discriminate
42%
Like a soul with no corporeal presenceDisembodied
31%
To deprive a person of the right to voteDisenfranchise
30%
To exhumeDisinter
30%
To twist the meaning ofDistort
29%
Unhappy in the manner of certain
postal employees
Disgruntled
26%
Measure of engine volumeDisplacement
19%

Score Distribution

Percentile by Number Answered

Percent of People with Each Score

Your Score History

You have not taken this quiz since the last reset